000
00342 a2200157 4500
001
59804
020
_a
9783794180615
040
_c
Anchieta - Pituba
100
_a
Hesse, Andreas D.
240
1
0
_a
Schattensturm
_l
por
245
1
0
_a
Schattensturm
300
_a
472
362
0
_a
2008
650
4
_a
Literatura juvenil em alemão
942
_c
BK
999
_c
59804
_d
59804